Dynamics of marine sands : a manual for practical applications

Αποθηκεύτηκε σε:
Λεπτομέρειες βιβλιογραφικής εγγραφής
Κύριος συγγραφέας: Soulsby, Richard
Μορφή: Βιβλίο
Γλώσσα:English
Δημοσίευση: London : Telford, 1997
Θέματα:
Ετικέτες: Προσθήκη ετικέτας
Δεν υπάρχουν, Καταχωρήστε ετικέτα πρώτοι!

MARC

LEADER 00000nam a2200000 i 4500
001 1/94113
008 080918s1997 eng d
020 |a 978-0-7277-2584-X 
020 |a 0-7277-2584-X 
035 |l 10100255 
040 |a GR-MY-UA  |b gre  |e aacr 
041 0 |a eng 
082 0 |a 553.62  |2 (22) 
100 1 |a Soulsby, Richard. 
245 1 0 |a Dynamics of marine sands :  |b a manual for practical applications /  |c Richard Soulsby 
260 |a London :   |b Telford,   |c 1997 
300 |a xxi, 249 σ.;  |b εικ.;  |c 24 εκ. 
504 |a Βιβλιογραφία: σ. 235-243 
504 |a Ευρετήριο: σ. 245-249 
650 0 0 |a Marine sediments. 
650 0 0 |a Sediment transport. 
650 0 0 |a Hydraulics. 
650 0 0 |a Sand. 
650 0 0 |a Gravel. 
852 |a INST  |b LESVOS  |e 20080918  |h 553.62 SOU  |p 005100043116  |q 005100043116  |t BK  |y 0 
901 |a BIBL1-2008-3 
909 |a Λ  |b 145119 
922 |a 1ΕΛΗ  |b 200801  |c ΕΠΕΑΕΚ2/ΤΕΘ  |d ΕΛΕΥΘΕΡΟΥΔΑΚΗΣ 
970 |a ΚΑΡΑ  |b ΓΙΑΣΕΜΗ  |z 2008/09/18